Crisis y renovacin̤ en el Derecho Pb︢lico

Bibliographic Details
Main Author: Parejo Alfonso, Luciano
Format: eBook
Language:Spanish
Published: Lima : Editorial Palestra, 2008
Subjects:
Online Access:Acceso restringido

MARC

LEADER 00000nam a22000007a 4500
005 20120621175644.0
007 cr|||| ||||
008 120621s2008 pe |||||s|||| 00||0 spa d
020 |a 978-9972-224-80-5 
035 |a 6479 
040 |a vLex 
090 |c 3229  |d 3229 
100 1 |a Parejo Alfonso, Luciano 
245 1 0 |a Crisis y renovacin̤ en el Derecho Pb︢lico  |h [Recurso electrn̤ico] /  |c Luciano Parejo Alfonso  
256 |a Servicio en ln̕ea 
260 |a Lima :  |b Editorial Palestra,  |c 2008 
300 |a 1 recurso electrn̤ico 
506 1 |a Contenido solo disponible en los productos indicados  |d vLex Global   |d vLex Global (Academic Edition, excluding Law Schools)   |d vLex Global (U.S. Academic Edition, Law Schools)   |d vLex Global (U.S. Academic Edition, excluding Law Schools)   |d vLex Global (Academic Edition, Law Schools)  
650 0 4 |a Derecho pb︢lico  |z per︢ 
740 0 |a vLex Libros (Servicio en ln̕ea) 
856 4 0 |u http://vlex.com/source/crisis-renovacion-derecho-publico-6479  |z Acceso restringido 
942 |c BOOK 
999 0 |a Public law